Príprava vysokoškolských učiteľov a pedagogických pracovníkov na zavedenie dištančného vzdelávania a e-learningu
Praktické skúsenosti s realizáciou projektu: "Príprava učiteľov........ Odôvodnenie projektu. Problémy cieľových skupín. Aktivity realizované v rámci projektu.
Enregistré dans:
| Auteur principal: | |
|---|---|
| Format: | Chapitre de livre |
| Langue: | slovaque |
| Sujets: | |
| Tags: |
Pas de tags, Soyez le premier à ajouter un tag!
|
MARC
| LEADER | 00000naa$a2200000$$$4500 | ||
|---|---|---|---|
| 001 | 0053479 | ||
| 005 | 20231010123946.4 | ||
| 041 | 0 | |a slo | |
| 044 | |a SK | ||
| 245 | 1 | 0 | |a Príprava vysokoškolských učiteľov a pedagogických pracovníkov na zavedenie dištančného vzdelávania a e-learningu |c Jolana Gubalová |
| 520 | |a Praktické skúsenosti s realizáciou projektu: "Príprava učiteľov........ Odôvodnenie projektu. Problémy cieľových skupín. Aktivity realizované v rámci projektu. | ||
| 610 | 2 | 0 | |a vzdelávanie dištančné |
| 610 | 2 | 0 | |a projekty |
| 610 | 2 | 0 | |a technológie informačné |
| 610 | 2 | 0 | |a technológie komunikačné |
| 610 | 2 | 0 | |a dielne |
| 610 | 2 | 0 | |a regióny |
| 100 | 1 | |a Gubalová, Jolana | |